The world's women, 1995 : (Record no. 1405)

MARC details
000 -LEADER
fixed length control field 01487cam a2200361 a 4500
001 - CONTROL NUMBER
control field 1169315
003 - CONTROL NUMBER IDENTIFIER
control field OSt
005 - DATE AND TIME OF LATEST TRANSACTION
control field 20230619155253.0
008 - FIXED-LENGTH DATA ELEMENTS--GENERAL INFORMATION
fixed length control field 950913s1995 nyua bs i000 0 eng d
010 ## - LIBRARY OF CONGRESS CONTROL NUMBER
LC control number 96137015
020 ## - INTERNATIONAL STANDARD BOOK NUMBER
International Standard Book Number 9211613728
035 ## - SYSTEM CONTROL NUMBER
System control number (OCoLC)33126367
040 ## - CATALOGING SOURCE
Original cataloging agency DJBF
Transcribing agency DJBF
Modifying agency DLC
042 ## - AUTHENTICATION CODE
Authentication code lccopycat
082 00 - DEWEY DECIMAL CLASSIFICATION NUMBER
Classification number 305.40
Item number UN
245 04 - TITLE STATEMENT
Title The world's women, 1995 :
Remainder of title trends and statistics.
260 ## - PUBLICATION, DISTRIBUTION, ETC. (IMPRINT)
Place of publication, distribution, etc. New York :
Name of publisher, distributor, etc. United Nations,
Date of publication, distribution, etc. 1995.
300 ## - PHYSICAL DESCRIPTION
Extent xxiv, 188 p. :
Other physical details col. ill. ;
Dimensions 28 cm.
440 #0 - SERIES STATEMENT/ADDED ENTRY--TITLE
Title Social statistics and indicators.
Name of part/section of a work Series K ;
Volume/sequential designation no. 12
500 ## - GENERAL NOTE
General note "Second edition"--Fwd.
500 ## - GENERAL NOTE
General note Updated ed. of: The world's women, 1970-1990. 1991.
500 ## - GENERAL NOTE
General note "United Nations publication sales no. E.95.XVII.2"--T.p. verso.
500 ## - GENERAL NOTE
General note "ST/ESA/STAT/SER.K/12."
500 ## - GENERAL NOTE
General note Editions for 2005- cataloged as a serial in LC
Institution to which field applies DLC
504 ## - BIBLIOGRAPHY, ETC. NOTE
Bibliography, etc Includes bibliographical references (p. [187]-188).
505 0# - FORMATTED CONTENTS NOTE
Formatted contents note Population, households and families -- Population growth, distribution and environment -- Health -- Education and training -- Work -- Power and influence.
650 #0 - SUBJECT ADDED ENTRY--TOPICAL TERM
Topical term or geographic name as entry element Women
General subdivision Statistics.
710 2# - ADDED ENTRY--CORPORATE NAME
Corporate name or jurisdiction name as entry element United Nations.
730 0# - ADDED ENTRY--UNIFORM TITLE
Uniform title World's women, 1970-1990.
906 ## - LOCAL DATA ELEMENT F, LDF (RLIN)
a 7
b cbc
c copycat
d 2
e ncip
f 19
g y-gencatlg
942 ## - ADDED ENTRY ELEMENTS (KOHA)
Source of classification or shelving scheme Dewey Decimal Classification
Koha item type Books
Holdings
Withdrawn status Lost status Source of classification or shelving scheme Damaged status Not for loan Home library Current library Date acquired Total Checkouts Full call number Barcode Date last seen Price effective from Koha item type
    Dewey Decimal Classification     County Hall Archives County Hall Archives 06/19/2023   305.40 UN 10011334 06/19/2023 06/19/2023 Books
LIBRARY OPENING HOURS

When the Parliament is sitting: 8.00a.m - 7.00p.m or until the house adjourns
Mondays and Fridays and when the House is on Recess:  8.00a.m - 5.00p.m
Closed on Weekends and Public Holidays

Online Public Access Catalog (OPAC)
Website: http://www.parliament.go.ke
Bunge Library: https://libraryir.parliament.go.ke
Contact: library@parliament.go.ke | Tel no: (254-2)2221291 or 2848000 Ext 5043